[Event "DEM U12 2021"]
[Site "Willingen GER"]
[Date "2021.08.25"]
[Round "4"]
[White "Uyar, Levin"]
[Black "Wunderlich, Elias"]
[Result "1-0"]
[Termination "normal"]
[Board "12"]
[WhiteElo "1048"]
[BlackElo "1657"]
[WhiteClock "00:40:04"]
[BlackClock "00:19:45"]
[PlyCount "119"]
[WhiteFideId "16282108"]
[BlackFideId "34608087"]
[EventCountry "GER"]
[EventRounds "9"]
[EventType "swiss"]
[EventDate "2021.08.22"]

1. e4 {[%clk 01:30:54]} {[%emt 00:00:05]} e6 {[%clk 01:30:56]} {[%emt
00:00:05]} 2. d4 {[%clk 01:31:11]} {[%emt 00:00:12]} d5 {[%clk 01:31:23]}
{[%emt 00:00:04]} 3. exd5 {[%clk 01:31:22]} {[%emt 00:00:18]} exd5 {[%clk
01:31:49]} {[%emt 00:00:05]} 4. Bd3 {[%clk 01:31:40]} {[%emt 00:00:11]} c5
{[%clk 01:32:12]} {[%emt 00:00:08]} 5. c3 {[%clk 01:31:50]} {[%emt 00:00:19]}
c4 {[%clk 01:32:03]} {[%emt 00:00:40]} 6. Bc2 {[%clk 01:32:11]} {[%emt
00:00:08]} Nf6 {[%clk 01:32:18]} {[%emt 00:00:16]} 7. Bf4 {[%clk 01:32:14]}
{[%emt 00:00:25]} Be7 {[%clk 01:32:07]} {[%emt 00:00:43]} 8. Nf3 {[%clk
01:32:31]} {[%emt 00:00:13]} Bg4 {[%clk 01:32:11]} {[%emt 00:00:26]} 9. Nbd2
{[%clk 01:32:30]} {[%emt 00:00:30]} O-O {[%clk 01:32:23]} {[%emt 00:00:19]} 10.
O-O {[%clk 01:32:53]} {[%emt 00:00:07]} Nc6 {[%clk 01:32:33]} {[%emt 00:00:20]}
11. h3 {[%clk 01:31:02]} {[%emt 00:02:20]} Bh5 {[%clk 01:32:57]} {[%emt
00:00:06]} 12. Re1 {[%clk 01:29:31]} {[%emt 00:02:01]} Re8 {[%clk 01:33:01]}
{[%emt 00:00:25]} 13. Nf1 {[%clk 01:26:30]} {[%emt 00:03:33]} b5 {[%clk
01:32:50]} {[%emt 00:00:41]} 14. Ng3 {[%clk 01:22:57]} {[%emt 00:04:03]} Bg6
{[%clk 01:33:08]} {[%emt 00:00:12]} 15. Qd2 {[%clk 01:15:27]} {[%emt 00:07:59]}
b4 {[%clk 01:32:47]} {[%emt 00:00:51]} 16. Ba4 {[%clk 01:14:08]} {[%emt
00:01:49]} Rc8 {[%clk 01:12:14]} {[%emt 00:21:04]} 17. Ne5 {[%clk 01:10:14]}
{[%emt 00:04:23]} Nxe5 {[%clk 01:09:59]} {[%emt 00:02:45]} 18. Rxe5 {[%clk
01:06:32]} {[%emt 00:04:13]} bxc3 {[%clk 01:09:25]} {[%emt 00:01:04]} 19. bxc3
{[%clk 01:06:43]} {[%emt 00:00:18]} Rf8 {[%clk 01:09:42]} {[%emt 00:00:14]} 20.
Re3 {[%clk 00:53:37]} {[%emt 00:13:35]} Nd7 {[%clk 01:03:26]} {[%emt 00:06:46]}
21. Rae1 {[%clk 00:53:25]} {[%emt 00:00:41]} Bf6 {[%clk 01:03:14]} {[%emt
00:00:43]} 22. Bd6 {[%clk 00:53:29]} {[%emt 00:00:26]} Bg5 {[%clk 00:47:00]}
{[%emt 00:16:44]} 23. f4 {[%clk 00:52:38]} {[%emt 00:01:21]} Bxf4 {[%clk
00:47:01]} {[%emt 00:00:30]} 24. Bxf4 {[%clk 00:52:45]} {[%emt 00:00:22]} Nf6
{[%clk 00:46:39]} {[%emt 00:00:52]} 25. Bg5 {[%clk 00:48:54]} {[%emt 00:04:21]}
Qa5 {[%clk 00:45:22]} {[%emt 00:01:47]} 26. Bd1 {[%clk 00:47:50]} {[%emt
00:01:33]} Ne4 {[%clk 00:45:14]} {[%emt 00:00:40]} 27. Nxe4 {[%clk 00:48:09]}
{[%emt 00:00:10]} Bxe4 {[%clk 00:45:39]} {[%emt 00:00:05]} 28. Be7 {[%clk
00:46:30]} {[%emt 00:02:09]} Rfe8 {[%clk 00:45:56]} {[%emt 00:00:14]} 29. Bc5
{[%clk 00:46:20]} {[%emt 00:00:37]} Rc6 {[%clk 00:40:10]} {[%emt 00:06:18]} 30.
Bf3 {[%clk 00:43:31]} {[%emt 00:03:19]} f5 {[%clk 00:40:11]} {[%emt 00:00:29]}
31. Bxe4 {[%clk 00:43:37]} {[%emt 00:00:24]} fxe4 {[%clk 00:40:24]} {[%emt
00:00:18]} 32. Rf1 {[%clk 00:43:06]} {[%emt 00:01:01]} Qc7 {[%clk 00:38:10]}
{[%emt 00:02:39]} 33. Qe2 {[%clk 00:41:29]} {[%emt 00:02:10]} Rg6 {[%clk
00:37:42]} {[%emt 00:00:58]} 34. Rf5 {[%clk 00:39:36]} {[%emt 00:02:24]} Rb8
{[%clk 00:27:35]} {[%emt 00:10:37]} 35. Qf1 {[%clk 00:37:58]} {[%emt 00:02:08]}
h6 {[%clk 00:24:42]} {[%emt 00:03:23]} 36. Rf8+ {[%clk 00:38:17]} {[%emt
00:00:11]} Kh7 {[%clk 00:25:07]} {[%emt 00:00:05]} 37. Rxb8 {[%clk 00:38:31]}
{[%emt 00:00:16]} Qxb8 {[%clk 00:25:21]} {[%emt 00:00:16]} 38. Qf5 {[%clk
00:36:08]} {[%emt 00:02:31]} Qb1+ {[%clk 00:24:23]} {[%emt 00:01:50]} 39. Kh2
{[%clk 00:36:18]} {[%emt 00:00:19]} Qb8+ {[%clk 00:24:14]} {[%emt 00:00:40]}
40. Qe5 {[%clk 00:36:25]} {[%emt 00:00:24]} Qb2 {[%clk 00:22:59]} {[%emt
00:01:45]} 41. Rg3 {[%clk 00:35:56]} {[%emt 00:00:57]} Rxg3 {[%clk 00:22:07]}
{[%emt 00:01:23]} 42. Qxg3 {[%clk 00:36:17]} {[%emt 00:00:08]} Qd2 {[%clk
00:21:38]} {[%emt 00:01:00]} 43. Bf8 {[%clk 00:35:45]} {[%emt 00:01:02]} Qg5
{[%clk 00:18:28]} {[%emt 00:03:40]} 44. Qxg5 {[%clk 00:36:00]} {[%emt
00:00:15]} hxg5 {[%clk 00:18:52]} {[%emt 00:00:06]} 45. Kg3 {[%clk 00:36:15]}
{[%emt 00:00:14]} Kg6 {[%clk 00:18:42]} {[%emt 00:00:41]} 46. Kg4 {[%clk
00:34:59]} {[%emt 00:01:47]} a6 {[%clk 00:18:27]} {[%emt 00:00:44]} 47. Be7
{[%clk 00:35:19]} {[%emt 00:00:10]} Kf7 {[%clk 00:17:42]} {[%emt 00:01:15]} 48.
Bxg5 {[%clk 00:35:41]} {[%emt 00:00:07]} Ke6 {[%clk 00:17:52]} {[%emt
00:00:22]} 49. Be3 {[%clk 00:36:05]} {[%emt 00:00:06]} Kf6 {[%clk 00:17:41]}
{[%emt 00:00:41]} 50. h4 {[%clk 00:36:14]} {[%emt 00:00:20]} Kg6 {[%clk
00:17:46]} {[%emt 00:00:25]} 51. Kf4 {[%clk 00:36:35]} {[%emt 00:00:08]} Kf6
{[%clk 00:18:09]} {[%emt 00:00:08]} 52. h5 {[%clk 00:36:55]} {[%emt 00:00:10]}
a5 {[%clk 00:17:58]} {[%emt 00:00:42]} 53. a4 {[%clk 00:37:20]} {[%emt
00:00:05]} g6 {[%clk 00:17:55]} {[%emt 00:00:32]} 54. hxg6 {[%clk 00:37:38]}
{[%emt 00:00:11]} Kxg6 {[%clk 00:18:22]} {[%emt 00:00:04]} 55. Ke5 {[%clk
00:37:57]} {[%emt 00:00:11]} Kh5 {[%clk 00:18:42]} {[%emt 00:00:10]} 56. Kxd5
{[%clk 00:38:22]} {[%emt 00:00:05]} Kg4 {[%clk 00:18:55]} {[%emt 00:00:17]} 57.
Kxe4 {[%clk 00:38:45]} {[%emt 00:00:07]} Kg3 {[%clk 00:19:13]} {[%emt
00:00:12]} 58. d5 {[%clk 00:39:11]} {[%emt 00:00:04]} Kxg2 {[%clk 00:19:32]}
{[%emt 00:00:11]} 59. d6 {[%clk 00:39:38]} {[%emt 00:00:03]} Kf1 {[%clk
00:19:45]} {[%emt 00:00:17]} 60. d7 {[%clk 00:40:04]} {[%emt 00:00:04]} 1-0

[Event "DEM U12 2021"]
[Site "Willingen GER"]
[Date "2021.08.25"]
[Round "4"]
[White "Kullmann, Theo"]
[Black "Sommer, Justus"]
[Result "0-1"]
[Termination "normal"]
[Board "13"]
[WhiteElo "1590"]
[BlackElo "1790"]
[WhiteClock "00:03:51"]
[BlackClock "00:23:47"]
[PlyCount "70"]
[WhiteFideId "16218582"]
[BlackFideId "16245008"]
[EventCountry "GER"]
[EventRounds "9"]
[EventType "swiss"]
[EventDate "2021.08.22"]

1. e4 {[%clk 01:30:56]} {[%emt 00:00:03]} e5 {[%clk 01:30:34]} {[%emt
00:00:25]} 2. Nf3 {[%clk 01:31:10]} {[%emt 00:00:16]} Nc6 {[%clk 01:30:51]}
{[%emt 00:00:12]} 3. d4 {[%clk 01:31:34]} {[%emt 00:00:08]} exd4 {[%clk
01:31:10]} {[%emt 00:00:11]} 4. Nxd4 {[%clk 01:31:57]} {[%emt 00:00:07]} Nf6
{[%clk 01:31:24]} {[%emt 00:00:13]} 5. Nxc6 {[%clk 01:32:10]} {[%emt 00:00:20]}
bxc6 {[%clk 01:31:39]} {[%emt 00:00:13]} 6. e5 {[%clk 01:32:33]} {[%emt
00:00:09]} Qe7 {[%clk 01:32:01]} {[%emt 00:00:08]} 7. Qe2 {[%clk 01:32:50]}
{[%emt 00:00:13]} Nd5 {[%clk 01:32:22]} {[%emt 00:00:09]} 8. c4 {[%clk
01:33:08]} {[%emt 00:00:12]} Ba6 {[%clk 01:32:41]} {[%emt 00:00:10]} 9. b3
{[%clk 01:33:13]} {[%emt 00:00:25]} g5 {[%clk 01:31:50]} {[%emt 00:01:20]} 10.
Nd2 {[%clk 01:11:12]} {[%emt 00:22:33]} Nf4 {[%clk 01:22:06]} {[%emt 00:10:14]}
11. Qe3 {[%clk 01:02:23]} {[%emt 00:09:19]} Bg7 {[%clk 01:17:54]} {[%emt
00:04:46]} 12. Nf3 {[%clk 00:52:36]} {[%emt 00:10:12]} h6 {[%clk 01:14:34]}
{[%emt 00:03:51]} 13. Bb2 {[%clk 00:43:54]} {[%emt 00:09:12]} Ng6 {[%clk
01:12:53]} {[%emt 00:02:11]} 14. O-O-O {[%clk 00:42:24]} {[%emt 00:02:00]} O-O
{[%clk 01:09:36]} {[%emt 00:03:46]} 15. h3 {[%clk 00:39:05]} {[%emt 00:03:50]}
Rfe8 {[%clk 01:07:22]} {[%emt 00:02:43]} 16. Re1 {[%clk 00:39:12]} {[%emt
00:00:23]} c5 {[%clk 01:00:40]} {[%emt 00:07:13]} 17. Bd3 {[%clk 00:30:51]}
{[%emt 00:08:51]} Nf4 {[%clk 00:58:56]} {[%emt 00:02:13]} 18. Rhg1 {[%clk
00:27:01]} {[%emt 00:04:20]} d6 {[%clk 00:54:27]} {[%emt 00:04:59]} 19. Bc2
{[%clk 00:20:57]} {[%emt 00:06:35]} Bb7 {[%clk 00:50:02]} {[%emt 00:04:56]} 20.
Ba3 {[%clk 00:11:39]} {[%emt 00:09:47]} Bxf3 {[%clk 00:39:16]} {[%emt
00:11:15]} 21. Qxf3 {[%clk 00:11:24]} {[%emt 00:00:45]} Bxe5 {[%clk 00:39:08]}
{[%emt 00:00:39]} 22. Kb1 {[%clk 00:10:20]} {[%emt 00:01:34]} Qf6 {[%clk
00:35:46]} {[%emt 00:03:51]} 23. Qc6 {[%clk 00:10:01]} {[%emt 00:00:50]} Ne6
{[%clk 00:35:02]} {[%emt 00:01:14]} 24. Qe4 {[%clk 00:09:38]} {[%emt 00:00:52]}
Qg7 {[%clk 00:32:03]} {[%emt 00:03:29]} 25. g3 {[%clk 00:09:10]} {[%emt
00:01:00]} Nd4 {[%clk 00:31:39]} {[%emt 00:00:53]} 26. Bd3 {[%clk 00:08:42]}
{[%emt 00:00:58]} f5 {[%clk 00:26:38]} {[%emt 00:05:27]} 27. Qh1 {[%clk
00:07:38]} {[%emt 00:01:39]} g4 {[%clk 00:25:23]} {[%emt 00:01:44]} 28. hxg4
{[%clk 00:04:31]} {[%emt 00:03:37]} fxg4 {[%clk 00:25:09]} {[%emt 00:00:44]}
29. Be4 {[%clk 00:04:55]} {[%emt 00:00:06]} Rab8 {[%clk 00:24:57]} {[%emt
00:00:41]} 30. Qh5 {[%clk 00:04:31]} {[%emt 00:00:54]} Rf8 {[%clk 00:23:19]}
{[%emt 00:02:08]} 31. Qh2 {[%clk 00:03:53]} {[%emt 00:01:07]} Nf3 {[%clk
00:22:55]} {[%emt 00:00:55]} 32. Bxf3 {[%clk 00:04:15]} {[%emt 00:00:08]} Rxf3
{[%clk 00:23:10]} {[%emt 00:00:15]} 33. Rh1 {[%clk 00:04:02]} {[%emt 00:00:44]}
Qg6+ {[%clk 00:23:20]} {[%emt 00:00:19]} 34. Kc1 {[%clk 00:04:09]} {[%emt
00:00:24]} Rc3+ {[%clk 00:23:29]} {[%emt 00:00:20]} 35. Kd2 {[%clk 00:03:51]}
{[%emt 00:00:50]} Qc2# {[%clk 00:23:47]} {[%emt 00:00:10]} 0-1

[Event "DEM U12 2021"]
[Site "Willingen GER"]
[Date "2021.08.25"]
[Round "4"]
[White "Aniol, Nico"]
[Black "Kuhlmann, Nils Magnus"]
[Result "1-0"]
[Termination "normal"]
[Board "14"]
[WhiteElo "1448"]
[BlackElo "1224"]
[WhiteClock "00:27:58"]
[BlackClock "00:04:37"]
[PlyCount "57"]
[WhiteFideId "16287096"]
[BlackFideId "16287177"]
[EventCountry "GER"]
[EventRounds "9"]
[EventType "swiss"]
[EventDate "2021.08.22"]

1. c4 {[%clk 01:29:58]} {[%emt 00:01:02]} g6 {[%clk 01:28:45]} {[%emt
00:02:15]} 2. g3 {[%clk 01:28:54]} {[%emt 00:01:34]} Bg7 {[%clk 01:26:40]}
{[%emt 00:02:36]} 3. Nc3 {[%clk 01:24:50]} {[%emt 00:04:33]} Nf6 {[%clk
01:23:49]} {[%emt 00:03:21]} 4. Bg2 {[%clk 01:22:43]} {[%emt 00:02:36]} d6
{[%clk 01:21:47]} {[%emt 00:02:33]} 5. h3 {[%clk 01:16:01]} {[%emt 00:07:12]}
Nc6 {[%clk 01:20:04]} {[%emt 00:02:13]} 6. e4 {[%clk 01:14:14]} {[%emt
00:02:16]} Bd7 {[%clk 01:13:05]} {[%emt 00:07:29]} 7. Nge2 {[%clk 01:09:56]}
{[%emt 00:04:48]} O-O {[%clk 01:04:01]} {[%emt 00:09:34]} 8. O-O {[%clk
01:07:24]} {[%emt 00:03:02]} Qc8 {[%clk 01:03:49]} {[%emt 00:00:41]} 9. Kh2
{[%clk 01:03:58]} {[%emt 00:03:57]} Ne8 {[%clk 00:51:00]} {[%emt 00:13:20]} 10.
d3 {[%clk 00:58:44]} {[%emt 00:05:45]} f5 {[%clk 00:47:16]} {[%emt 00:04:14]}
11. Rb1 {[%clk 00:54:29]} {[%emt 00:04:45]} e5 {[%clk 00:43:57]} {[%emt
00:03:49]} 12. f4 {[%clk 00:51:54]} {[%emt 00:03:04]} Bh6 {[%clk 00:28:45]}
{[%emt 00:15:42]} 13. Nd5 {[%clk 00:48:34]} {[%emt 00:03:50]} Qd8 {[%clk
00:26:51]} {[%emt 00:02:39]} 14. b4 {[%clk 00:46:22]} {[%emt 00:02:26]} Ne7
{[%clk 00:26:04]} {[%emt 00:01:18]} 15. fxe5 {[%clk 00:44:14]} {[%emt
00:02:37]} Bxc1 {[%clk 00:26:10]} {[%emt 00:00:24]} 16. Nxe7+ {[%clk 00:44:26]}
{[%emt 00:00:18]} Qxe7 {[%clk 00:25:45]} {[%emt 00:00:55]} 17. exd6 {[%clk
00:44:35]} {[%emt 00:00:21]} Nxd6 {[%clk 00:25:51]} {[%emt 00:00:25]} 18. Rxc1
{[%clk 00:44:33]} {[%emt 00:00:32]} fxe4 {[%clk 00:25:45]} {[%emt 00:00:37]}
19. Rxf8+ {[%clk 00:44:44]} {[%emt 00:00:18]} Rxf8 {[%clk 00:26:05]} {[%emt
00:00:11]} 20. dxe4 {[%clk 00:45:06]} {[%emt 00:00:07]} c6 {[%clk 00:24:06]}
{[%emt 00:02:29]} 21. Qd4 {[%clk 00:43:55]} {[%emt 00:01:41]} Rf7 {[%clk
00:16:37]} {[%emt 00:07:58]} 22. Rd1 {[%clk 00:38:17]} {[%emt 00:06:08]} Nc8
{[%clk 00:10:39]} {[%emt 00:02:06]} 23. a3 {[%clk 00:38:06]} {[%emt 00:05:35]}
Qg5 {[%clk 00:09:09]} {[%emt 00:01:29]} 24. c5 {[%clk 00:32:30]} {[%emt
00:06:06]} Qh5 {[%clk 00:07:33]} {[%emt 00:02:05]} 25. Nf4 {[%clk 00:31:43]}
{[%emt 00:01:19]} Qh6 {[%clk 00:07:15]} {[%emt 00:00:47]} 26. Qc4 {[%clk
00:30:54]} {[%emt 00:01:18]} Kf8 {[%clk 00:06:46]} {[%emt 00:01:00]} 27. e5
{[%clk 00:28:21]} {[%emt 00:03:03]} Bg4 {[%emt 00:02:38]} 28. Ne6+ {[%clk
00:27:36]} {[%emt 00:01:13]} Bxe6 {[%clk 00:04:37]} {[%emt 00:00:33]} 29. Qxe6
{[%clk 00:27:58]} {[%emt 00:00:09]} 1-0

[Event "DEM U12 2021"]
[Site "Willingen GER"]
[Date "2021.08.25"]
[Round "4"]
[White "Birkenheier, Nicolas"]
[Black "Shkundin, Maximilian"]
[Result "0-1"]
[Termination "normal"]
[Board "16"]
[WhiteElo "1293"]
[BlackElo "1263"]
[WhiteClock "00:38:33"]
[BlackClock "00:55:23"]
[PlyCount "88"]
[WhiteFideId "16287100"]
[BlackFideId "16287258"]
[EventCountry "GER"]
[EventRounds "9"]
[EventType "swiss"]
[EventDate "2021.08.22"]

1. e4 {[%clk 01:30:57]} {[%emt 00:00:03]} c5 {[%clk 01:30:55]} {[%emt
00:00:05]} 2. Nf3 {[%clk 01:31:05]} {[%emt 00:00:21]} d6 {[%clk 01:31:20]}
{[%emt 00:00:05]} 3. Bb5+ {[%clk 01:31:11]} {[%emt 00:00:24]} Nd7 {[%clk
01:31:41]} {[%emt 00:00:08]} 4. O-O {[%clk 01:30:47]} {[%emt 00:00:54]} a6
{[%clk 01:31:48]} {[%emt 00:00:23]} 5. Bd3 {[%clk 01:30:34]} {[%emt 00:00:44]}
Ngf6 {[%clk 01:31:45]} {[%emt 00:00:33]} 6. Re1 {[%clk 01:29:25]} {[%emt
00:01:40]} g6 {[%clk 01:30:37]} {[%emt 00:01:37]} 7. c3 {[%clk 01:28:30]}
{[%emt 00:01:26]} Bg7 {[%clk 01:30:14]} {[%emt 00:00:53]} 8. Bc2 {[%clk
01:27:54]} {[%emt 00:01:06]} O-O {[%clk 01:29:34]} {[%emt 00:01:10]} 9. d4
{[%clk 01:26:48]} {[%emt 00:01:36]} cxd4 {[%clk 01:29:31]} {[%emt 00:00:32]}
10. cxd4 {[%clk 01:26:53]} {[%emt 00:00:26]} b5 {[%clk 01:25:39]} {[%emt
00:04:23]} 11. a3 {[%clk 01:24:22]} {[%emt 00:03:00]} Bb7 {[%clk 01:25:23]}
{[%emt 00:00:45]} 12. Nc3 {[%clk 01:23:10]} {[%emt 00:01:43]} Nb6 {[%clk
01:24:35]} {[%emt 00:01:18]} 13. Qd3 {[%clk 01:17:16]} {[%emt 00:06:22]} Rc8
{[%clk 01:22:53]} {[%emt 00:02:14]} 14. h3 {[%clk 01:13:37]} {[%emt 00:04:09]}
Qc7 {[%clk 01:18:53]} {[%emt 00:04:30]} 15. Bf4 {[%clk 01:10:30]} {[%emt
00:03:36]} Nc4 {[%clk 01:13:16]} {[%emt 00:06:09]} 16. Rab1 {[%clk 01:08:46]}
{[%emt 00:02:12]} Nxa3 {[%clk 01:12:13]} {[%emt 00:01:35]} 17. bxa3 {[%clk
00:59:59]} {[%emt 00:09:17]} Qxc3 {[%clk 01:12:09]} {[%emt 00:00:34]} 18. Qxc3
{[%clk 00:59:21]} {[%emt 00:01:08]} Rxc3 {[%clk 01:12:33]} {[%emt 00:00:06]}
19. Bb3 {[%clk 00:57:33]} {[%emt 00:02:16]} Bxe4 {[%clk 01:11:31]} {[%emt
00:01:35]} 20. Rb2 {[%clk 00:56:19]} {[%emt 00:01:43]} Rfc8 {[%clk 01:06:43]}
{[%emt 00:05:17]} 21. Bxf7+ {[%clk 00:51:07]} {[%emt 00:05:42]} Kxf7 {[%clk
01:05:34]} {[%emt 00:01:40]} 22. Ng5+ {[%clk 00:51:03]} {[%emt 00:00:35]} Kf8
{[%clk 01:05:38]} {[%emt 00:00:25]} 23. Nxe4 {[%clk 00:50:56]} {[%emt
00:00:37]} Nxe4 {[%clk 01:05:40]} {[%emt 00:00:29]} 24. Rxe4 {[%clk 00:51:09]}
{[%emt 00:00:16]} Rxa3 {[%clk 01:05:35]} {[%emt 00:00:35]} 25. Rbe2 {[%clk
00:50:17]} {[%emt 00:01:21]} Bf6 {[%clk 01:05:01]} {[%emt 00:01:04]} 26. Re6
{[%clk 00:48:55]} {[%emt 00:01:52]} Kf7 {[%clk 01:03:45]} {[%emt 00:01:46]} 27.
g4 {[%clk 00:46:27]} {[%emt 00:02:58]} g5 {[%clk 01:02:34]} {[%emt 00:01:41]}
28. Bg3 {[%clk 00:46:12]} {[%emt 00:00:44]} Rd3 {[%clk 01:01:50]} {[%emt
00:01:15]} 29. R6e4 {[%clk 00:44:29]} {[%emt 00:02:12]} b4 {[%clk 00:59:08]}
{[%emt 00:03:14]} 30. Ra2 {[%clk 00:40:45]} {[%emt 00:04:14]} b3 {[%clk
00:59:04]} {[%emt 00:00:34]} 31. Rb2 {[%clk 00:40:25]} {[%emt 00:00:49]} Rc2
{[%clk 00:59:09]} {[%emt 00:00:26]} 32. Rb1 {[%clk 00:39:58]} {[%emt 00:00:58]}
b2 {[%clk 00:58:24]} {[%emt 00:01:15]} 33. Ree1 {[%clk 00:39:30]} {[%emt
00:00:57]} Bxd4 {[%clk 00:57:40]} {[%emt 00:01:15]} 34. Kg2 {[%clk 00:39:30]}
{[%emt 00:00:29]} a5 {[%clk 00:57:05]} {[%emt 00:01:06]} 35. h4 {[%clk
00:37:54]} {[%emt 00:02:06]} Rxg3+ {[%clk 00:56:42]} {[%emt 00:00:53]} 36. Kxg3
{[%clk 00:37:54]} {[%emt 00:00:30]} Bxf2+ {[%clk 00:57:06]} {[%emt 00:00:06]}
37. Kf3 {[%clk 00:38:14]} {[%emt 00:00:09]} Bxe1 {[%clk 00:57:05]} {[%emt
00:00:31]} 38. Rxe1 {[%clk 00:38:09]} {[%emt 00:00:36]} Rc1 {[%clk 00:57:25]}
{[%emt 00:00:10]} 39. Re3 {[%clk 00:38:17]} {[%emt 00:00:21]} b1=Q {[%clk
00:57:28]} {[%emt 00:00:26]} 40. h5 {[%clk 00:38:02]} {[%emt 00:00:45]} Rf1+
{[%clk 00:56:50]} {[%emt 00:01:08]} 41. Kg3 {[%clk 00:38:18]} {[%emt 00:00:14]}
Rf4 {[%clk 00:55:27]} {[%emt 00:01:54]} 42. Re2 {[%clk 00:38:07]} {[%emt
00:00:39]} Qd3+ {[%clk 00:55:13]} {[%emt 00:00:46]} 43. Kg2 {[%clk 00:38:10]}
{[%emt 00:00:26]} Qxe2+ {[%clk 00:55:23]} {[%emt 00:00:20]} 44. Kh3 {[%clk
00:38:33]} {[%emt 00:00:07]} Rf3# {[%emt 00:00:17]} 0-1